[Event "6th Cesme Open-A 2018"]
[Site "Cesme"]
[Date "2018.06.30"]
[Round "8.12"]
[White "Ozen, Deniz"]
[Black "Abdulla, Khayala Mardan Qizi"]
[Result "1/2-1/2"]
[WhiteElo "2408"]
[BlackElo "2231"]
[Annotator "ChessBase"]
[PlyCount "109"]
[EventDate "2018.06.26"]
[EventType "swiss"]
[EventCountry "TUR"]
[SourceTitle "playchess.com"]
[Source "ChessBase"]
[SourceQuality "1"]
[TimeControl "5400+30"]

1. e4 {[%emt 0:04:30]} c5 {[%emt 0:03:30]} 2. Nf3 {[%emt 0:00:30]} e6 {[%emt 0:00:30]} 3. c3 {[%emt 0:00:00]} d5 {[%emt 0:00:30]} 4. exd5 {[%emt 0:00:00]} Qxd5 {[%emt 0:00:00]} 5. d4 {[%emt 0:00:30]} Nf6 {[%emt 0:00:00]} 6. Be3 {[%emt 0:00:30]} Nc6 {[%emt 0:05:30]} 7. Bd3 {[%emt 0:02:30]} Be7 {[%emt 0:02:30]} 8. O-O {[%emt 0:02:30]} O-O {[%emt 0:00:30]} 9. h3 {[%emt 0:03:30]} Rd8 {[%emt 0:04:30]} 10. Qe2 {[%emt 0:00:30]} b6 {[%emt 0:04:30]} 11. Bc4 {[%emt 0:09:30]} Qh5 {[%emt 0:02:30]} 12. dxc5 {[%emt 0:00:30]} Bxc5 {[%emt 0:01:30]} 13. Bg5 {[%emt 0:03:30]} Be7 {[%emt 0:02:30]} 14. Nbd2 {[%emt 0:08:30]} Bb7 {[%emt 0:04:30]} 15. Bxf6 {[%emt 0:02:30]} Bxf6 {[%emt 0:02:30]} 16. Ne4 {[%emt 0:00:30]} Be7 {[%emt 0:03:30]} 17. Ba6 {[%emt 0:03:30]} Bxa6 {[%emt 0:07:30]} 18. Qxa6 {[%emt 0:02:30]} Qd5 {[%emt 0:00:00]} 19. Rfe1 {[%emt 0:05:30]} Ne5 {[%emt 0:04:00]} 20. Nxe5 {[%emt 0:01:30]} Qxe5 {[%emt 0:00:00]} 21. Qb7 {[%emt 0:01:30]} Bf8 {[%emt 0:09:00]} 22. a4 {[%emt 0:11:30]} Qd5 {[%emt 0:02:30]} 23. Qa6 {[%emt 0:01:30]} Qb3 {[%emt 0:02:30]} 24. Qb5 {[%emt 0:01:30]} Qd5 {[%emt 0:02:30]} 25. Qa6 {[%emt 0:06:30]} Qb3 {[%emt 0:01:30]} 26. Qb5 {[%emt 0:00:30]} Qd5 {[%emt 0:00:30]} 27. Rad1 {[%emt 0:02:30]} Qb7 {[%emt 0:04:30]} 28. Qe2 {[%emt 0:03:30]} Qc7 {[%emt 0:01:30]} 29. Rxd8 {[%emt 0:01:30]} Rxd8 {[%emt 0:00:30]} 30. Rd1 {[%emt 0:00:00]} Rxd1+ {[%emt 0:01:30]} 31. Qxd1 {[%emt 0:00:00]} Qe5 {[%emt 0:00:00]} 32. Qe2 {[%emt 0:03:53]} f5 {[%emt 0:10:00]} 33. Ng3 {[%emt 0:01:05]} Bd6 {[%emt 0:01:05]} 34. Qxe5 {[%emt 0:04:32]} Bxe5 {[%emt 0:00:30]} 35. Ne2 {[%emt 0:00:00]} Kf7 {[%emt 0:00:39]} 36. f4 {[%emt 0:00:01]} Bd6 {[%emt 0:02:16]} 37. Kf2 {[%emt 0:00:28]} e5 {[%emt 0:01:07]} 38. fxe5 {[%emt 0:00:30]} Bxe5 {[%emt 0:00:00]} 39. Ke3 {[%emt 0:00:08]} Ke6 {[%emt 0:00:57]} 40. Ng1 {[%emt 0:03:29]} Kd5 {[%emt 0:01:15]} 41. Kd3 {[%emt 0:00:14]} a5 {[%emt 0:01:32]} 42. Nf3 {[%emt 0:00:30]} Bd6 {[%emt 0:02:18]} 43. Nd4 {[%emt 0:02:31]} g6 {[%emt 0:00:02]} 44. Nc2 {[%emt 0:00:00]} h5 {[%emt 0:01:45]} 45. b4 {[%emt 0:01:07]} axb4 {[%emt 0:00:20]} 46. cxb4 {[%emt 0:00:08]} Bc7 {[%emt 0:04:31]} 47. Ne3+ {[%emt 0:02:54]} Ke5 {[%emt 0:00:01]} 48. Nc4+ {[%emt 0:00:32]} Kf4 {[%emt 0:01:38]} 49. Ke2 {[%emt 0:00:07]} Kg3 {[%emt 0:04:32]} 50. Kf1 {[%emt 0:00:05]} g5 {[%emt 0:00:33]} 51. a5 {[%emt 0:05:39]} bxa5 {[%emt 0:00:30]} 52. bxa5 {[%emt 0:00:00]} g4 {[%emt 0:00:27]} 53. a6 {[%emt 0:00:47]} gxh3 {[%emt 0:00:57]} 54. gxh3 {[%emt 0:00:30]} Bb8 {[%emt 0:00:00]} 55. h4 {[%emt 0:01:26]} 1/2-1/2

[Event "6th Cesme Open-A 2018"]
[Site "Cesme"]
[Date "2018.06.30"]
[Round "8.13"]
[White "Rzayev, Bahruz Iqbal Oglu"]
[Black "Isik, Engin Yasar"]
[Result "1-0"]
[WhiteElo "2405"]
[BlackElo "2156"]
[Annotator "NA"]
[PlyCount "107"]
[EventDate "2018.06.26"]
[EventType "swiss"]
[EventCountry "TUR"]
[SourceTitle "playchess.com"]
[Source "ChessBase"]
[SourceQuality "1"]
[TimeControl "5400+30"]

1. c4 {[%emt 0:00:30]} g6 {[%emt 0:00:30]} 2. Nc3 {[%emt 0:00:30]} Bg7 {[%emt 0:00:00]} 3. g3 {[%emt 0:00:30]} d6 {[%emt 0:00:00]} 4. d4 {[%emt 0:00:30]} Nf6 {[%emt 0:00:30]} 5. Bg2 {[%emt 0:00:00]} O-O {[%emt 0:00:00]} 6. e3 {[%emt 0:01:00]} c6 {[%emt 0:06:00]} 7. d5 {[%emt 0:03:30]} cxd5 {[%emt 0:00:30]} 8. cxd5 {[%emt 0:00:30]} Na6 {[%emt 0:04:30]} 9. Nge2 {[%emt 0:00:00]} Bd7 {[%emt 0:02:30]} 10. O-O {[%emt 0:00:00]} b5 {[%emt 0:00:30]} 11. a3 {[%emt 0:02:30]} Rc8 {[%emt 0:14:30]} 12. h3 {[%emt 0:04:30]} Qb6 {[%emt 0:06:30]} 13. e4 {[%emt 0:00:30]} Qb8 {[%emt 0:02:30]} 14. Be3 {[%emt 0:00:30]} Nc7 {[%emt 0:01:30]} 15. f4 {[%emt 0:03:30]} Na8 {[%emt 0:00:30]} 16. Bd4 {[%emt 0:11:30]} Nb6 {[%emt 0:00:30]} 17. Kh2 {[%emt 0:00:30]} a5 {[%emt 0:02:30]} 18. b3 {[%emt 0:05:30]} Rc7 {[%emt 0:13:30]} 19. Qd3 {[%emt 0:04:30]} Nc8 {[%emt 0:04:30]} 20. a4 {[%emt 0:06:30]} b4 {[%emt 0:04:30]} 21. Nb1 {[%emt 0:00:30]} Ne8 {[%emt 0:03:30]} 22. Nd2 {[%emt 0:01:30]} Bxd4 {[%emt 0:05:30]} 23. Qxd4 {[%emt 0:05:30]} Nb6 {[%emt 0:04:30]} 24. g4 {[%emt 0:06:30]} Bc8 {[%emt 0:00:30]} 25. e5 {[%emt 0:02:30]} Ba6 {[%emt 0:00:30]} 26. Rfe1 {[%emt 0:00:30]} Bxe2 {[%emt 0:02:46]} 27. Rxe2 {[%emt 0:00:00]} Rc3 {[%emt 0:00:14]} 28. Rae1 {[%emt 0:00:00]} Nc8 {[%emt 0:01:51]} 29. Nc4 {[%emt 0:02:30]} dxe5 {[%emt 0:02:26]} 30. fxe5 {[%emt 0:04:30]} Qc7 {[%emt 0:01:51]} 31. Re3 {[%emt 0:00:30]} Rxe3 {[%emt 0:00:31]} 32. Qxe3 {[%emt 0:00:30]} Ng7 {[%emt 0:02:36]} 33. Kh1 {[%emt 0:01:30]} f5 {[%emt 0:00:29]} 34. exf6 {[%emt 0:06:30]} Rxf6 {[%emt 0:00:03]} 35. Ne5 {[%emt 0:00:30]} e6 {[%emt 0:10:20]} 36. Rc1 {[%emt 0:03:30]} Qd8 {[%emt 0:00:30]} 37. Qc5 {[%emt 0:00:30]} Rf8 {[%emt 0:01:09]} 38. dxe6 {[%emt 0:01:30]} Ne7 {[%emt 0:01:57]} 39. Nc6 {[%emt 0:01:30]} Nxc6 {[%emt 0:00:30]} 40. Qxc6 {[%emt 0:00:30]} Qe7 {[%emt 0:01:08]} 41. Qd7 {[%emt 0:02:30]} Qg5 {[%emt 0:01:02]} 42. Rd1 {[%emt 0:01:43]} h5 {[%emt 0:00:26]} 43. e7 {[%emt 0:00:49]} Re8 {[%emt 0:00:35]} 44. Qd5+ {[%emt 0:00:05]} Qxd5 {[%emt 0:00:18]} 45. Bxd5+ {[%emt 0:00:01]} Kh7 {[%emt 0:00:22]} 46. Re1 {[%emt 0:00:02]} hxg4 {[%emt 0:00:12]} 47. hxg4 {[%emt 0:01:02]} Rb8 {[%emt 0:00:20]} 48. Bc6 {[%emt 0:00:43]} Ne8 {[%emt 0:00:02]} 49. Rd1 {[%emt 0:00:21]} Rc8 {[%emt 0:00:53]} 50. Bd7 {[%emt 0:00:00]} Rb8 {[%emt 0:00:30]} 51. Bb5 {[%emt 0:00:14]} Rc8 {[%emt 0:01:21]} 52. Rd8 {[%emt 0:00:00]} Rc1+ {[%emt 0:00:21]} 53. Kg2 {[%emt 0:00:00]} Rc2+ {[%emt 0:00:00]} 54. Kf1 {[%emt 0:00:30]} 1-0

[Event "6th Cesme Open-A 2018"]
[Site "Cesme"]
[Date "2018.06.30"]
[Round "8.14"]
[White "Koksal, Ege"]
[Black "Yaramis, Hakan"]
[Result "1-0"]
[WhiteElo "2356"]
[BlackElo "1983"]
[Annotator "NA"]
[PlyCount "59"]
[EventDate "2018.06.26"]
[EventType "swiss"]
[EventCountry "TUR"]
[SourceTitle "playchess.com"]
[Source "ChessBase"]
[SourceQuality "1"]
[TimeControl "5400+30"]

1. d4 {[%emt 0:02:30]} d5 {[%emt 0:00:30]} 2. c4 {[%emt 0:00:30]} e6 {[%emt 0:00:30]} 3. Nc3 {[%emt 0:00:00]} Nf6 {[%emt 0:00:00]} 4. Nf3 {[%emt 0:00:00]} c6 {[%emt 0:00:00]} 5. Bg5 {[%emt 0:00:00]} Be7 {[%emt 0:01:30]} 6. e3 {[%emt 0:00:00]} Nbd7 {[%emt 0:00:30]} 7. Qc2 {[%emt 0:00:30]} O-O {[%emt 0:01:30]} 8. Rd1 {[%emt 0:00:00]} a6 {[%emt 0:02:30]} 9. cxd5 {[%emt 0:01:00]} cxd5 {[%emt 0:01:30]} 10. Bd3 {[%emt 0:00:00]} Re8 {[%emt 0:02:30]} 11. O-O {[%emt 0:00:00]} h6 {[%emt 0:01:30]} 12. Bf4 {[%emt 0:00:30]} Qa5 {[%emt 0:07:30]} 13. Rc1 {[%emt 0:02:30]} Nh5 {[%emt 0:04:30]} 14. Be5 {[%emt 0:00:30]} Nxe5 {[%emt 0:00:30]} 15. dxe5 {[%emt 0:00:00]} f5 {[%emt 0:03:30]} 16. Nd4 {[%emt 0:05:00]} g6 {[%emt 0:03:30]} 17. g4 {[%emt 0:02:30]} Ng7 {[%emt 0:01:30]} 18. gxf5 {[%emt 0:00:30]} gxf5 {[%emt 0:00:30]} 19. Nce2 {[%emt 0:01:30]} Bg5 {[%emt 0:02:30]} 20. Kh1 {[%emt 0:01:30]} Qd8 {[%emt 0:07:30]} 21. Rg1 {[%emt 0:09:30]} Kh7 {[%emt 0:04:30]} 22. Rg2 {[%emt 0:05:30]} Re7 {[%emt 0:03:30]} 23. Nf3 {[%emt 0:02:30]} Rf7 {[%emt 0:00:30]} 24. Nxg5+ {[%emt 0:02:30]} hxg5 {[%emt 0:00:30]} 25. Rcg1 {[%emt 0:00:30]} Bd7 {[%emt 0:00:30]} 26. Rxg5 {[%emt 0:02:30]} Rc8 {[%emt 0:00:30]} 27. Qd2 {[%emt 0:02:30]} Qc7 {[%emt 0:01:30]} 28. f4 {[%emt 0:01:30]} Bb5 {[%emt 0:01:30]} 29. Bxb5 {[%emt 0:00:30]} axb5 {[%emt 0:00:30]} 30. Nd4 {[%emt 0:00:30]} 1-0

[Event "6th Cesme Open-A 2018"]
[Site "Cesme"]
[Date "2018.06.30"]
[Round "8.15"]
[White "Rzayev, Askar Aliakbar"]
[Black "Kamer, Kayra"]
[Result "0-1"]
[WhiteElo "2000"]
[BlackElo "2181"]
[Annotator "NA"]
[PlyCount "62"]
[EventDate "2018.06.26"]
[EventType "swiss"]
[EventCountry "TUR"]
[SourceTitle "playchess.com"]
[Source "ChessBase"]
[SourceQuality "1"]
[TimeControl "5400+30"]

1. d4 {[%emt 0:00:30]} Nf6 {[%emt 0:05:30]} 2. c4 {[%emt 0:00:30]} g6 {[%emt 0:00:30]} 3. Nc3 {[%emt 0:00:30]} Bg7 {[%emt 0:00:30]} 4. e4 {[%emt 0:00:30]} d6 {[%emt 0:00:00]} 5. Be2 {[%emt 0:00:00]} O-O {[%emt 0:00:00]} 6. Bg5 {[%emt 0:00:00]} Nbd7 {[%emt 0:01:30]} 7. Qd2 {[%emt 0:00:00]} e5 {[%emt 0:00:30]} 8. d5 {[%emt 0:00:00]} a5 {[%emt 0:00:30]} 9. h4 {[%emt 0:01:30]} Nc5 {[%emt 0:00:30]} 10. f3 {[%emt 0:00:30]} a4 {[%emt 0:02:30]} 11. h5 {[%emt 0:02:30]} c6 {[%emt 0:01:30]} 12. Nh3 {[%emt 0:15:30]} Bxh3 {[%emt 0:07:30]} 13. Rxh3 {[%emt 0:00:30]} Qa5 {[%emt 0:01:30]} 14. g4 {[%emt 0:09:30]} a3 {[%emt 0:01:30]} 15. b3 {[%emt 0:01:30]} cxd5 {[%emt 0:01:30]} 16. Nxd5 {[%emt 0:03:30]} Qxd2+ {[%emt 0:02:30]} 17. Bxd2 {[%emt 0:00:30]} Nxd5 {[%emt 0:01:30]} 18. cxd5 {[%emt 0:00:30]} f5 {[%emt 0:00:00]} 19. gxf5 {[%emt 0:04:30]} gxf5 {[%emt 0:00:00]} 20. b4 {[%emt 0:00:30]} Na4 {[%emt 0:02:30]} 21. h6 {[%emt 0:02:30]} Bf6 {[%emt 0:00:30]} 22. Rc1 {[%emt 0:01:30]} Rfc8 {[%emt 0:04:30]} 23. Rxc8+ {[%emt 0:21:30]} Rxc8 {[%emt 0:00:30]} 24. Bb5 {[%emt 0:00:30]} Nc3 {[%emt 0:00:30]} 25. Rg3+ {[%emt 0:00:30]} Kf8 {[%emt 0:00:30]} 26. Bd7 {[%emt 0:00:30]} Rc7 {[%emt 0:00:30]} 27. Bxf5 {[%emt 0:00:30]} Bh4 {[%emt 0:00:30]} 28. Bxc3 {[%emt 0:10:30]} Bxg3+ {[%emt 0:00:00]} 29. Kd2 {[%emt 0:00:30]} Be1+ {[%emt 0:00:00]} 30. Kxe1 {[%emt 0:00:30]} Rxc3 {[%emt 0:00:30]} 31. Bxh7 {[%emt 0:02:30]} Rc2 {[%emt 0:00:30]} 0-1

[Event "6th Cesme Open-A 2018"]
[Site "Cesme"]
[Date "2018.06.30"]
[Round "8.16"]
[White "Gulbeyaz, Emir"]
[Black "Ozkan, Ervin"]
[Result "1/2-1/2"]
[WhiteElo "2074"]
[BlackElo "2171"]
[Annotator "NA"]
[PlyCount "55"]
[EventDate "2018.06.26"]
[EventType "swiss"]
[EventCountry "TUR"]
[SourceTitle "playchess.com"]
[Source "ChessBase"]
[SourceQuality "1"]
[TimeControl "5400+30"]

1. d4 {[%emt 0:04:30]} Nf6 {[%emt 0:01:30]} 2. Nf3 {[%emt 0:02:30]} d5 {[%emt 0:00:30]} 3. c4 {[%emt 0:02:30]} c6 {[%emt 0:00:00]} 4. Nc3 {[%emt 0:00:00]} a6 {[%emt 0:00:00]} 5. cxd5 {[%emt 0:02:00]} cxd5 {[%emt 0:00:30]} 6. Bf4 {[%emt 0:00:30]} Nc6 {[%emt 0:00:00]} 7. e3 {[%emt 0:00:00]} Bf5 {[%emt 0:01:00]} 8. Bd3 {[%emt 0:00:00]} Bxd3 {[%emt 0:00:00]} 9. Qxd3 {[%emt 0:00:30]} e6 {[%emt 0:00:00]} 10. O-O {[%emt 0:00:30]} Bd6 {[%emt 0:00:30]} 11. Bg5 {[%emt 0:00:30]} O-O {[%emt 0:00:30]} 12. Rac1 {[%emt 0:00:30]} h6 {[%emt 0:00:30]} 13. Bh4 {[%emt 0:00:30]} Be7 {[%emt 0:00:30]} 14. Nd2 {[%emt 0:03:30]} Nd7 {[%emt 0:01:30]} 15. Bxe7 {[%emt 0:01:30]} Qxe7 {[%emt 0:00:30]} 16. Nb3 {[%emt 0:00:30]} Qb4 {[%emt 0:05:30]} 17. Qd1 {[%emt 0:04:30]} Na5 {[%emt 0:02:30]} 18. Nxa5 {[%emt 0:01:30]} Qxa5 {[%emt 0:00:00]} 19. Qa4 {[%emt 0:03:30]} Qxa4 {[%emt 0:00:00]} 20. Nxa4 {[%emt 0:00:00]} Rfc8 {[%emt 0:00:30]} 21. b3 {[%emt 0:04:00]} Kf8 {[%emt 0:00:30]} 22. f3 {[%emt 0:01:30]} Ke7 {[%emt 0:05:30]} 23. Kf2 {[%emt 0:00:30]} Kd6 {[%emt 0:04:30]} 24. Ke2 {[%emt 0:01:30]} f5 {[%emt 0:06:30]} 25. Kd2 {[%emt 0:00:30]} b6 {[%emt 0:00:30]} 26. Nb2 {[%emt 0:00:30]} a5 {[%emt 0:02:30]} 27. Rxc8 {[%emt 0:02:30]} Rxc8 {[%emt 0:00:00]} 28. Rc1 {[%emt 0:00:00]} 1/2-1/2

[Event "6th Cesme Open-A 2018"]
[Site "Cesme"]
[Date "2018.06.30"]
[Round "8.17"]
[White "Cansun, Can Alp"]
[Black "Gunduz, Umut Erdem"]
[Result "0-1"]
[WhiteElo "1918"]
[BlackElo "2130"]
[Annotator "NA"]
[PlyCount "84"]
[EventDate "2018.06.26"]
[EventType "swiss"]
[EventCountry "TUR"]
[SourceTitle "playchess.com"]
[Source "ChessBase"]
[SourceQuality "1"]
[TimeControl "5400+30"]

1. e4 {[%emt 0:00:30]} e5 {[%emt 0:14:30]} 2. Nf3 {[%emt 0:00:30]} d6 {[%emt 0:00:30]} 3. d4 {[%emt 0:00:00]} Nd7 {[%emt 0:00:30]} 4. Bc4 {[%emt 0:00:00]} c6 {[%emt 0:00:00]} 5. O-O {[%emt 0:06:30]} Be7 {[%emt 0:00:00]} 6. a4 {[%emt 0:01:30]} Ngf6 {[%emt 0:00:30]} 7. Nc3 {[%emt 0:00:00]} O-O {[%emt 0:00:30]} 8. a5 {[%emt 0:02:00]} Qc7 {[%emt 0:00:30]} 9. Re1 {[%emt 0:00:30]} exd4 {[%emt 0:04:30]} 10. Nxd4 {[%emt 0:00:00]} Ne5 {[%emt 0:00:30]} 11. Be2 {[%emt 0:02:00]} Re8 {[%emt 0:01:30]} 12. f4 {[%emt 0:02:30]} Ng6 {[%emt 0:00:30]} 13. Bf3 {[%emt 0:00:30]} Bd7 {[%emt 0:04:30]} 14. g3 {[%emt 0:01:30]} b5 {[%emt 0:02:30]} 15. axb6 {[%emt 0:04:30]} axb6 {[%emt 0:00:30]} 16. Rxa8 {[%emt 0:00:30]} Rxa8 {[%emt 0:00:00]} 17. h4 {[%emt 0:03:30]} h6 {[%emt 0:12:00]} 18. h5 {[%emt 0:00:30]} Nf8 {[%emt 0:00:30]} 19. Kg2 {[%emt 0:24:30]} Re8 {[%emt 0:09:30]} 20. g4 {[%emt 0:06:30]} Qc8 {[%emt 0:06:30]} 21. Nf5 {[%emt 0:17:30]} Bxf5 {[%emt 0:09:30]} 22. gxf5 {[%emt 0:02:30]} Rd8 {[%emt 0:00:00]} 23. Qe2 {[%emt 0:01:30]} Ne8 {[%emt 0:02:00]} 24. Kh2 {[%emt 0:05:43]} Nh7 {[%emt 0:15:10]} 25. Rg1 {[%emt 0:03:02]} Bf6 {[%emt 0:01:06]} 26. e5 {[%emt 0:08:38]} dxe5 {[%emt 0:00:01]} 27. fxe5 {[%emt 0:00:44]} Qc7 {[%emt 0:00:01]} 28. Bf4 {[%emt 0:00:23]} Bg5 {[%emt 0:00:01]} 29. Bxg5 {[%emt 0:00:09]} Nxg5 {[%emt 0:00:11]} 30. Bg2 {[%emt 0:00:43]} Nf6 {[%emt 0:00:45]} 31. Kh1 {[%emt 0:01:39]} Rd4 {[%emt 0:00:05]} 32. Rf1 {[%emt 0:02:40]} Rh4+ {[%emt 0:01:52]} 33. Kg1 {[%emt 0:00:06]} Nxh5 {[%emt 0:00:17]} 34. Qe3 {[%emt 0:00:05]} Rg4 {[%emt 0:05:19]} 35. Ne2 {[%emt 0:00:20]} Qd7 {[%emt 0:01:52]} 36. Qd3 {[%emt 0:01:25]} Qe7 {[%emt 0:00:52]} 37. Qd6 {[%emt 0:02:50]} Qa7 {[%emt 0:02:16]} 38. b4 {[%emt 0:00:30]} Qa3 {[%emt 0:01:31]} 39. Qd2 {[%emt 0:00:28]} Nf3+ {[%emt 0:01:13]} 40. Rxf3 {[%emt 0:00:30]} Qxf3 {[%emt 0:00:00]} 41. Nd4 {[%emt 0:00:00]} Qe4 {[%emt 0:00:19]} 42. c3 {[%emt 0:01:29]} Nf4 {[%emt 0:00:04]} 0-1

[Event "6th Cesme Open-A 2018"]
[Site "Cesme"]
[Date "2018.06.30"]
[Round "8.18"]
[White "Topel, Zehra"]
[Black "Pektas, Yigit"]
[Result "1-0"]
[WhiteElo "2145"]
[BlackElo "1975"]
[Annotator "NA"]
[PlyCount "43"]
[EventDate "2018.06.26"]
[EventType "swiss"]
[EventCountry "TUR"]
[SourceTitle "playchess.com"]
[Source "ChessBase"]
[SourceQuality "1"]
[TimeControl "5400+30"]

1. d4 {[%emt 0:03:30]} d5 {[%emt 0:00:30]} 2. Nf3 {[%emt 0:00:30]} Nf6 {[%emt 0:00:30]} 3. c4 {[%emt 0:00:30]} c6 {[%emt 0:00:00]} 4. e3 {[%emt 0:00:00]} e6 {[%emt 0:00:00]} 5. b3 {[%emt 0:00:00]} Nbd7 {[%emt 0:00:00]} 6. Bd3 {[%emt 0:00:30]} Bd6 {[%emt 0:01:00]} 7. Bb2 {[%emt 0:01:30]} O-O {[%emt 0:00:30]} 8. O-O {[%emt 0:00:30]} b6 {[%emt 0:00:00]} 9. Nbd2 {[%emt 0:02:30]} Bb7 {[%emt 0:00:00]} 10. Rc1 {[%emt 0:01:30]} Rc8 {[%emt 0:00:30]} 11. e4 {[%emt 0:01:30]} dxe4 {[%emt 0:00:30]} 12. Nxe4 {[%emt 0:00:00]} Nxe4 {[%emt 0:00:00]} 13. Bxe4 {[%emt 0:00:00]} Nf6 {[%emt 0:00:00]} 14. Bb1 {[%emt 0:00:30]} Bf4 {[%emt 0:01:30]} 15. Rc3 {[%emt 0:04:30]} c5 {[%emt 0:00:30]} 16. dxc5 {[%emt 0:01:30]} Rxc5 {[%emt 0:06:30]} 17. Ba3 {[%emt 0:02:30]} Rh5 {[%emt 0:00:30]} 18. g3 {[%emt 0:03:30]} Ng4 {[%emt 0:28:30]} 19. Bxf8 {[%emt 0:03:30]} Qf6 {[%emt 0:01:30]} 20. Bb4 {[%emt 0:05:30]} Ne5 {[%emt 0:11:30]} 21. Nxe5 {[%emt 0:03:30]} Rxh2 {[%emt 0:00:00]} 22. Nf3 {[%emt 0:01:30]} 1-0

[Event "6th Cesme Open-A 2018"]
[Site "Cesme"]
[Date "2018.06.30"]
[Round "8.19"]
[White "Molla, Ersen"]
[Black "Kucuk, Dogan"]
[Result "1/2-1/2"]
[WhiteElo "1932"]
[BlackElo "1974"]
[Annotator "NA"]
[PlyCount "76"]
[EventDate "2018.06.26"]
[EventType "swiss"]
[EventCountry "TUR"]
[SourceTitle "playchess.com"]
[Source "ChessBase"]
[SourceQuality "1"]
[TimeControl "5400+30"]

1. Nf3 {[%emt 0:01:30]} d6 {[%emt 0:00:30]} 2. b3 {[%emt 0:02:30]} Nf6 {[%emt 0:02:30]} 3. Bb2 {[%emt 0:00:30]} e5 {[%emt 0:00:30]} 4. c4 {[%emt 0:03:30]} Nc6 {[%emt 0:05:30]} 5. d3 {[%emt 0:02:30]} g6 {[%emt 0:01:30]} 6. g3 {[%emt 0:02:30]} Bg7 {[%emt 0:00:30]} 7. Bg2 {[%emt 0:00:30]} O-O {[%emt 0:00:30]} 8. O-O {[%emt 0:00:00]} h6 {[%emt 0:00:30]} 9. Nc3 {[%emt 0:03:00]} Be6 {[%emt 0:01:30]} 10. d4 {[%emt 0:06:30]} exd4 {[%emt 0:05:30]} 11. Nxd4 {[%emt 0:06:30]} Bd7 {[%emt 0:03:30]} 12. Rc1 {[%emt 0:06:30]} Re8 {[%emt 0:01:30]} 13. e3 {[%emt 0:07:30]} Bg4 {[%emt 0:06:30]} 14. Qd2 {[%emt 0:06:30]} Qd7 {[%emt 0:02:30]} 15. f3 {[%emt 0:08:30]} Bh3 {[%emt 0:04:30]} 16. Nd5 {[%emt 0:00:00]} Bxg2 {[%emt 0:07:30]} 17. Kxg2 {[%emt 0:02:00]} Nxd5 {[%emt 0:01:30]} 18. cxd5 {[%emt 0:06:30]} Ne7 {[%emt 0:03:30]} 19. e4 {[%emt 0:01:30]} Rac8 {[%emt 0:02:30]} 20. Rfd1 {[%emt 0:00:30]} c6 {[%emt 0:02:30]} 21. dxc6 {[%emt 0:02:30]} bxc6 {[%emt 0:01:30]} 22. Ne2 {[%emt 0:01:30]} Bxb2 {[%emt 0:00:30]} 23. Qxb2 {[%emt 0:00:00]} d5 {[%emt 0:00:30]} 24. Nf4 {[%emt 0:00:00]} Qb7 {[%emt 0:03:30]} 25. exd5 {[%emt 0:06:30]} Nxd5 {[%emt 0:00:30]} 26. Nxd5 {[%emt 0:00:30]} cxd5 {[%emt 0:00:30]} 27. Rxc8 {[%emt 0:00:30]} Rxc8 {[%emt 0:00:00]} 28. Rd2 {[%emt 0:01:30]} Qc6 {[%emt 0:00:00]} 29. Qd4 {[%emt 0:00:30]} a6 {[%emt 0:01:30]} 30. h4 {[%emt 0:00:30]} Qc1 {[%emt 0:01:30]} 31. Qxd5 {[%emt 0:06:12]} Rc2 {[%emt 0:00:30]} 32. Rxc2 {[%emt 0:00:30]} Qxc2+ {[%emt 0:00:30]} 33. Kh3 {[%emt 0:00:30]} Qxa2 {[%emt 0:00:00]} 34. Kg4 {[%emt 0:02:14]} Qc2 {[%emt 0:02:00]} 35. Kh3 {[%emt 0:04:40]} h5 {[%emt 0:04:30]} 36. Qd8+ {[%emt 0:00:33]} Kh7 {[%emt 0:00:30]} 37. Qd5 {[%emt 0:01:31]} Kg7 {[%emt 0:02:30]} 38. Qe5+ {[%emt 0:00:12]} Kh7 {[%emt 0:00:00]} 1/2-1/2

[Event "6th Cesme Open-A 2018"]
[Site "Cesme"]
[Date "2018.06.30"]
[Round "8.20"]
[White "Samani, Yamac"]
[Black "Kocak, Can"]
[Result "1-0"]
[WhiteElo "2227"]
[BlackElo "1892"]
[Annotator "NA"]
[PlyCount "69"]
[EventDate "2018.06.26"]
[EventType "swiss"]
[EventCountry "TUR"]
[SourceTitle "playchess.com"]
[Source "ChessBase"]
[SourceQuality "1"]
[TimeControl "5400+30"]

1. Nf3 {[%emt 0:00:30]} Nf6 {[%emt 0:00:30]} 2. g3 {[%emt 0:00:30]} g6 {[%emt 0:00:30]} 3. Bg2 {[%emt 0:00:30]} Bg7 {[%emt 0:00:00]} 4. O-O {[%emt 0:00:00]} O-O {[%emt 0:01:00]} 5. d4 {[%emt 0:00:00]} d6 {[%emt 0:00:00]} 6. a4 {[%emt 0:00:00]} Nbd7 {[%emt 0:01:00]} 7. a5 {[%emt 0:00:00]} c5 {[%emt 0:01:30]} 8. d5 {[%emt 0:02:30]} Rb8 {[%emt 0:01:30]} 9. c4 {[%emt 0:01:30]} b5 {[%emt 0:04:30]} 10. axb6 {[%emt 0:00:30]} Qxb6 {[%emt 0:00:30]} 11. Nc3 {[%emt 0:00:30]} a6 {[%emt 0:04:30]} 12. e4 {[%emt 0:08:30]} Qc7 {[%emt 0:06:30]} 13. Ra3 {[%emt 0:04:30]} Ng4 {[%emt 0:02:30]} 14. Qc2 {[%emt 0:00:30]} Nge5 {[%emt 0:01:30]} 15. Nd2 {[%emt 0:03:30]} f5 {[%emt 0:03:30]} 16. exf5 gxf5 {[%emt 0:00:30]} 17. Ne2 {[%emt 0:09:00]} Ng6 {[%emt 0:01:30]} 18. f4 {[%emt 0:07:30]} Nf6 {[%emt 0:02:30]} 19. Nf3 {[%emt 0:21:30]} Ne4 {[%emt 0:06:30]} 20. b3 {[%emt 0:02:30]} Qd7 {[%emt 0:05:30]} 21. Bb2 {[%emt 0:01:30]} Bb7 {[%emt 0:00:30]} 22. Bxg7 {[%emt 0:01:30]} Kxg7 {[%emt 0:00:00]} 23. Nc3 {[%emt 0:00:00]} Nxc3 {[%emt 0:05:00]} 24. Qxc3+ {[%emt 0:00:00]} Kg8 {[%emt 0:00:30]} 25. Ng5 {[%emt 0:00:30]} Rf6 {[%emt 0:00:30]} 26. Re1 {[%emt 0:01:30]} Nf8 {[%emt 0:02:30]} 27. Ra2 {[%emt 0:00:30]} h6 {[%emt 0:00:30]} 28. Rae2 {[%emt 0:01:30]} e5 {[%emt 0:09:30]} 29. fxe5 {[%emt 0:07:30]} dxe5 {[%emt 0:00:30]} 30. Qxe5 {[%emt 0:06:30]} Qd6 {[%emt 0:00:30]} 31. Qxd6 {[%emt 0:00:30]} Rxd6 {[%emt 0:00:00]} 32. Ne6 {[%emt 0:00:30]} Nxe6 {[%emt 0:02:00]} 33. Rxe6 {[%emt 0:00:30]} Rxe6 {[%emt 0:00:30]} 34. Rxe6 {[%emt 0:00:30]} Kg7 {[%emt 0:00:30]} 35. Rb6 {[%emt 0:00:00]} 1-0

[Event "6th Cesme Open-A 2018"]
[Site "Cesme"]
[Date "2018.07.01"]
[Round "9.1"]
[White "Solodovnichenko, Yuri"]
[Black "Baklan, Vladimir"]
[Result "1/2-1/2"]
[WhiteElo "2531"]
[BlackElo "2595"]
[Annotator "TA"]
[PlyCount "33"]
[EventDate "2018.06.26"]
[EventType "swiss"]
[EventCountry "TUR"]
[SourceTitle "playchess.com"]
[Source "ChessBase"]
[SourceQuality "1"]

{[%evp 16,18,7,5,10]} 1. e4 e6 2. d4 d5 3. Nc3 Nf6 4. e5 Nfd7 5. f4 c5 6. Nf3 Be7 7. Be3 O-O 8. Be2 Nc6 9. Qd2 {LiveBook: 420 Games. C11: French: Classical System: 4 e5 and 4 Bg5 dxe4} b6 10. O-O $146 ({Predecessor:} 10. Nd1 cxd4 11. Nxd4 Nxd4 12. Bxd4 Nc5 13. Nf2 a5 14. O-O-O Ba6 15. Bg4 Rc8 16. Kb1 Rc6 {1-0 (58) Dominguez Perez,L (2720)-Bareev,E (2675) Baku 2016}) 10... f5 11. exf6 Nxf6 12. Bb5 Na5 13. Bd3 Ng4 14. Ne5 Nxe5 15. fxe5 cxd4 16. Rxf8+ Bxf8 17. Bxd4 {½-½ (38) Solodovnichenko,Y (2592)-Baklan,V (2633) Montpellier 2015} 1/2-1/2